| 000 | 01369nam a22003737a 4500 | ||
|---|---|---|---|
| 003 | CHAP | ||
| 005 | 20220817041339.0 | ||
| 008 | 971013s1985 r 00010 d | ||
| 010 | _a11842 | ||
| 011 | _a12814 | ||
| 035 | _a16512 | ||
| 040 | _cCHAP | ||
| 090 | _aTesis | ||
| 100 | 0 | 0 |
_aRíos Vargas, Gilberto. _999251 |
| 245 | 1 | _aEtiología y resistencia varietal del sorgo (Sorghum bicolor Moench) a la pudrición del tallo y raíz | |
| 260 |
_aChapingo, Méx. : _bEl autor, _c1985 |
||
| 300 |
_a69 p. _b: ilus. |
||
| 502 | _aTesis (Ing. Agr. Esp. en Parasitología Agrícola) -- UACH. Departamento de Parasitología Agrícola | ||
| 590 |
_aALEPH _b10 _c20130110 _lUCH01 _h1230 |
||
| 590 |
_aBATCH-UPD _b10 _c20130110 _lUCH01 _h1725 |
||
| 590 |
_aBATCH-UPD _b10 _c20130410 _lUCH01 _h1107 |
||
| 590 |
_aBATCH-UPD _b10 _c20130914 _lUCH01 _h1452 |
||
| 590 |
_aCONVERSION _b10 _c20130109 _lUCH01 _h1308 |
||
| 650 | 1 | 4 |
_aFusarium moniliforme. _944091 |
| 650 | 1 | 4 | _aMacrophomina phaseolina. |
| 650 | 1 | 4 |
_aPudrición de la raíz _xSorgo. _992856 |
| 650 | 1 | 4 |
_aPudrición del tallo del sorgo. _992866 |
| 650 | 1 | 4 |
_aSorgo _xEnfermedades. _9108662 |
| 650 | 1 | 4 |
_aSorgo _xVariedades resistentes a enfermedades. _9108735 |
| 901 | _aBK | ||
| 942 | _cFOLL | ||
| 949 |
_bBC _cTES _d33724002344553 _eTS1 _h17506 _i16512 _si |
||
| 949 |
_bBC _cTES _d33724002344561 _eTS2 _fc.2 _h17507 _i16512 _si |
||
| 999 |
_c11842 _d11842 |
||